000 00372cam a22001217a 4500
008 180718b1969 xxu||||| |||| 00| 0 eng d
082 _aF5x5414 Or4
100 _aOrissa. Commission of Inquiry
245 _aReport of the Commission of Inquiry
_cby Home Department, Orissa
260 _aBhubaneswar
_bThe author
_c1969
300 _a812+p.
700 _aOrissa. Home Department
999 _c489219
_d489219